[Event "Thessaloniki Open 2009"]
[Site "Thessaloniki GRE"]
[Date "2009.04.30"]
[Round "5.2"]
[White "Shavtvaladze, Nikoloz"]
[Black "Obodchuk, Andrei"]
[Result "0-1"]
[WhiteElo "2454"]
[BlackElo "2393"]
[PlyCount "82"]
[EventDate "2009.04.27"]
[EventType "swiss"]
[EventRounds "9"]
[EventCountry "GRE"]
[Source "lmi"]
[SourceDate "2009.04.27"]

1. e4 c5 2. Nf3 d6 3. d4 cxd4 4. Nxd4 Nf6 5. Nc3 Nc6 6. Bc4 e6 7. Be3 Be7 8.
Qe2 Bd7 9. O-O-O Rc8 10. Bb3 Na5 11. f3 Nxb3+ 12. axb3 Qa5 13. Kb1 O-O 14. g4
Ne8 15. h4 Nc7 16. Bg5 f6 17. Bd2 Qa6 18. Qg2 b5 19. g5 Qb7 20. gxf6 Bxf6 21.
Bg5 b4 22. Na2 Ne8 23. Ne2 a5 24. Bd2 Qc7 25. Rc1 d5 26. Nf4 dxe4 27. fxe4 Nd6
28. Qe2 Nb5 29. Nh5 Be5 30. Rhg1 Nd4 31. Qg2 Be8 32. Qg4 Qf7 33. Ng3 Nf3 34.
Rg2 Nxd2+ 35. Rxd2 Qf4 36. Qxf4 Bxf4 37. Rg2 Bxc1 38. Nxc1 Bb5 39. e5 Rcd8 40.
Rg1 Rd4 41. Nh5 Rf7 0-1

[Event "Thessaloniki Open 2009"]
[Site "Thessaloniki GRE"]
[Date "2009.04.30"]
[Round "5.3"]
[White "Pavlidis, Antonios"]
[Black "Sanduleac, Vasile"]
[Result "1-0"]
[WhiteElo "2307"]
[BlackElo "2438"]
[PlyCount "71"]
[EventDate "2009.04.27"]
[EventType "swiss"]
[EventRounds "9"]
[EventCountry "GRE"]
[Source "lmi"]
[SourceDate "2009.04.27"]

1. e4 c6 2. d4 d5 3. f3 g6 4. Nc3 Bg7 5. Be3 Qb6 6. Qd2 Qxb2 7. Rb1 Qa3 8. Bd3
Qa5 9. Nge2 Qd8 10. O-O Nd7 11. Ng3 Nb6 12. a4 Nf6 13. e5 Ng8 14. a5 Nd7 15. f4
e6 16. f5 exf5 17. Bxf5 Ne7 18. Bxd7+ Bxd7 19. Rxb7 Bc8 20. Rb3 O-O 21. Bg5 Be6
22. Rb7 Re8 23. Na4 Bc8 24. a6 Bxb7 25. axb7 Rb8 26. Nc5 Qc7 27. Qf4 Rf8 28.
Qh4 Rbe8 29. b8=Q Qxb8 30. Bxe7 Qb4 31. Bxf8 Bxe5 32. Nd7 Qxd4+ 33. Qxd4 Bxd4+
34. Kh1 Re3 35. Bh6 Rc3 36. Ne2 1-0

[Event "Thessaloniki Open 2009"]
[Site "Thessaloniki GRE"]
[Date "2009.04.30"]
[Round "5.4"]
[White "Sidorenko, Ilya"]
[Black "Okun, Leonid"]
[Result "1-0"]
[WhiteElo "2357"]
[BlackElo "2272"]
[PlyCount "75"]
[EventDate "2009.04.27"]
[EventType "swiss"]
[EventRounds "9"]
[EventCountry "GRE"]
[Source "lmi"]
[SourceDate "2009.04.27"]

1. e4 g6 2. d4 Bg7 3. Nc3 c6 4. Nf3 d5 5. h3 dxe4 6. Nxe4 Nf6 7. Nxf6+ Bxf6 8.
Bh6 Qb6 9. Bd3 Qxb2 10. O-O Nd7 11. Qe2 Qa3 12. c4 c5 13. d5 Qb2 14. Qe3 Ne5
15. Nxe5 Qxe5 16. Qxc5 Qh5 17. Qb5+ Bd7 18. Qxb7 Rd8 19. Bd2 Bxa1 20. Rxa1 O-O
21. Ba5 Qe5 22. Re1 Qb8 23. Rb1 Qxb7 24. Rxb7 Bc6 25. Rxe7 Rd7 26. Rxd7 Bxd7
27. c5 Rb8 28. c6 Be8 29. c7 Rc8 30. Ba6 Bd7 31. Bxc8 Bxc8 32. Bb4 h5 33. f4
Kg7 34. Kf2 Kf6 35. Ke3 Bb7 36. Kd4 Kf5 37. Kc5 Kxf4 38. d6 1-0

[Event "Thessaloniki Open 2009"]
[Site "Thessaloniki GRE"]
[Date "2009.04.30"]
[Round "5.5"]
[White "Poley, Vladimir"]
[Black "Vragoteris, Antonios"]
[Result "1-0"]
[WhiteElo "2338"]
[BlackElo "2264"]
[PlyCount "159"]
[EventDate "2009.04.27"]
[EventType "swiss"]
[EventRounds "9"]
[EventCountry "GRE"]
[Source "lmi"]
[SourceDate "2009.04.27"]

1. d4 f5 2. Nf3 Nf6 3. g3 g6 4. Bg2 Bg7 5. O-O O-O 6. c4 d6 7. Nc3 Qe8 8. Nd5
Nxd5 9. cxd5 Qb5 10. Qc2 Na6 11. Rd1 Nb4 12. Qb3 a5 13. Bd2 Bd7 14. Ng5 h6 15.
Ne6 Bxe6 16. dxe6 Qxe2 17. Bxb4 axb4 18. Rd3 c5 19. Bf3 c4 20. Bxe2 cxb3 21.
Rxb3 Bxd4 22. Rxb4 Bf6 23. a4 Rfc8 24. Bf3 Ra7 25. Rd1 Kg7 26. Rd5 Rc5 27. b3
Rc7 28. Be2 Bc3 29. Rbb5 Kf6 30. g4 fxg4 31. Bxg4 h5 32. Bh3 Be5 33. Rd3 Rc3
34. Rxc3 Bxc3 35. Bg2 Kxe6 36. Bxb7 Kf6 37. Be4 e6 38. Rb6 Bd4 39. Rc6 Ke5 40.
Bd3 g5 41. Kg2 Bc5 42. f3 Kf4 43. Bc4 Rf7 44. Bxe6 Re7 45. b4 Bxb4 46. Rc4+ Ke3
47. Re4+ Kd2 48. Rxb4 Rxe6 49. Rb5 Re2+ 50. Kg3 h4+ 51. Kh3 Ke3 52. Rxg5 Kxf3
53. Rd5 Ra2 54. a5 Ke4 55. Rxd6 Rxa5 56. Kxh4 Kf5 57. Kh5 Kf4+ 58. Kh4 Kf5 59.
Rh6 Ra4+ 60. Kh5 Ra2 61. h4 Rh2 62. Rh8 Kf6 63. Rg8 Rh1 64. Rg4 Kf5 65. Ra4 Kf6
66. Kh6 Kf7 67. Rg4 Rh2 68. h5 Rh1 69. Rg5 Ra1 70. Kh7 Rh1 71. h6 Kf6 72. Rg6+
Kf7 73. Ra6 Rh2 74. Kh8 Rh1 75. Kh7 Rh2 76. Ra1 Rh3 77. Rf1+ Ke8 78. Rf6 Rh1
79. Kg7 Ke7 80. Rg6 1-0

[Event "Thessaloniki Open 2009"]
[Site "Thessaloniki GRE"]
[Date "2009.04.30"]
[Round "5.6"]
[White "Georgiev, Vladimir"]
[Black "Simanjuntak, Sebastian"]
[Result "1-0"]
[WhiteElo "2539"]
[BlackElo "2260"]
[PlyCount "79"]
[EventDate "2009.04.27"]
[EventType "swiss"]
[EventRounds "9"]
[EventCountry "GRE"]
[Source "lmi"]
[SourceDate "2009.04.27"]

1. d4 d5 2. Bf4 c6 3. e3 Bf5 4. Nf3 e6 5. c4 Bxb1 6. Qxb1 Bb4+ 7. Kd1 Nf6 8.
Bd3 Bd6 9. Bg3 Bxg3 10. hxg3 Nbd7 11. Ke2 Qe7 12. cxd5 exd5 13. Qc2 g6 14. Rh4
O-O-O 15. g4 h5 16. gxh5 Rxh5 17. Rf4 Rdh8 18. b4 Rh1 19. Rxh1 Rxh1 20. g4 Qxb4
21. g5 Ne4 22. Bxe4 dxe4 23. Nd2 f5 24. gxf6 Qb5+ 25. Nc4 Rh8 26. f7 Rf8 27.
Qb3 Qh5+ 28. Kd2 Qd5 29. Rxe4 Kc7 30. Re7 Kd8 31. Rxd7+ Kxd7 32. Qxb7+ Ke6 33.
Ne5 Qa5+ 34. Kd3 Qb5+ 35. Qxb5 cxb5 36. f4 a5 37. e4 b4 38. Kc4 Rc8+ 39. Kb5
Ke7 40. d5 1-0

[Event "Thessaloniki Open 2009"]
[Site "Thessaloniki GRE"]
[Date "2009.04.30"]
[Round "5.7"]
[White "Ivanov, Jordan"]
[Black "Velchev, Hristo"]
[Result "1/2-1/2"]
[WhiteElo "2435"]
[BlackElo "2284"]
[PlyCount "97"]
[EventDate "2009.04.27"]
[EventType "swiss"]
[EventRounds "9"]
[EventCountry "GRE"]
[Source "lmi"]
[SourceDate "2009.04.27"]

1. Nf3 d5 2. c4 e6 3. d4 c5 4. cxd5 exd5 5. g3 Nc6 6. Bg2 Nf6 7. O-O Be7 8. Nc3
O-O 9. Bg5 c4 10. Ne5 Be6 11. Nxc6 bxc6 12. b3 Qa5 13. Na4 Rac8 14. Qc2 c5 15.
Nxc5 Bxc5 16. dxc5 Qxc5 17. Bxf6 gxf6 18. e3 cxb3 19. Qxc5 Rxc5 20. axb3 Rb8
21. Rxa7 Rxb3 22. Bf3 Rb2 23. Kg2 Rc3 24. Raa1 Rxe3 25. Rad1 Bh3+ 26. Kxh3 Rxf3
27. Rxd5 Rfxf2 28. Rxf2 Rxf2 29. g4 Kg7 30. Kg3 Rf1 31. h4 Re1 32. Kf4 Rb1 33.
Rd6 Rb4+ 34. Kg3 Rb3+ 35. Kg2 Re3 36. Ra6 h6 37. Rb6 Re6 38. Rb5 Re5 39. Rb8 f5
40. Kg3 fxg4 41. Kxg4 Re4+ 42. Kh5 Re5+ 43. Kg4 h5+ 44. Kf4 Ra5 45. Rb6 f6 46.
Rb8 Ra4+ 47. Kf5 Rxh4 48. Rb7+ Kh6 49. Rf7 1/2-1/2

[Event "Thessaloniki Open 2009"]
[Site "Thessaloniki GRE"]
[Date "2009.04.30"]
[Round "5.8"]
[White "Aharon, Ofir"]
[Black "Fakhiridou, Ekaterini"]
[Result "1/2-1/2"]
[WhiteElo "2134"]
[BlackElo "2252"]
[PlyCount "81"]
[EventDate "2009.04.27"]
[EventType "swiss"]
[EventRounds "9"]
[EventCountry "GRE"]
[Source "lmi"]
[SourceDate "2009.04.27"]

1. e4 c5 2. Nf3 d6 3. d4 cxd4 4. Nxd4 Nf6 5. Nc3 a6 6. h3 Nc6 7. g4 h6 8. Bg2
Qc7 9. O-O Nxd4 10. Qxd4 e5 11. Qd3 Be6 12. Nd5 Bxd5 13. exd5 Rc8 14. c3 Be7
15. f4 Nd7 16. Qg3 Qd8 17. Be4 O-O 18. Bf5 Rc5 19. Be3 exf4 20. Bxf4 Rxd5 21.
Be4 Rb5 22. b4 Bh4 23. Qg2 Nf6 24. Bd3 Rb6 25. Be3 Rc6 26. Bd4 d5 27. Rf5 Re8
28. Raf1 Rce6 29. a4 Re1 30. a5 Rxf1+ 31. Rxf1 Ne4 32. Qf3 Qe7 33. Qf5 Qe6 34.
Kg2 Bf6 35. Bxe4 Bxd4 36. Bxd5 Qe2+ 37. Kh1 Bf6 38. Bxb7 Re3 39. Bg2 Rxc3 40.
Qf2 Qe7 41. Qb6 1/2-1/2

[Event "Thessaloniki Open 2009"]
[Site "Thessaloniki GRE"]
[Date "2009.04.30"]
[Round "5.9"]
[White "Karlovich, Anastazia"]
[Black "Nikologorsky, Matfei"]
[Result "1/2-1/2"]
[WhiteElo "2251"]
[BlackElo "2229"]
[PlyCount "73"]
[EventDate "2009.04.27"]
[EventType "swiss"]
[EventRounds "9"]
[EventCountry "GRE"]
[Source "lmi"]
[SourceDate "2009.04.27"]

1. e4 c5 2. Nf3 d6 3. Bc4 Nf6 4. e5 dxe5 5. Nxe5 e6 6. Qe2 Bd6 7. b3 Bd7 8. Bb2
O-O 9. Na3 Nc6 10. Nxc6 Bxc6 11. Bd3 e5 12. f3 Nd5 13. g3 Re8 14. Nc4 Bc7 15.
Be4 b5 16. Ne3 Rb8 17. Nxd5 Bxd5 18. Qd3 Bxe4 19. Qxd8 Bxd8 20. fxe4 h5 21. Ke2
Rb6 22. a4 c4 23. axb5 Rxb5 24. Rxa7 Bg5 25. b4 Rxb4 26. Bc3 Rbb8 27. Rc7 Rbc8
28. Rxc8 Rxc8 29. Bxe5 Re8 30. Bf4 Bxf4 31. gxf4 Rxe4+ 32. Kf3 f5 33. Ra1 Rd4
34. Ke3 Re4+ 35. Kf3 Rd4 36. Ke3 Re4+ 37. Kf3 1/2-1/2

[Event "Thessaloniki Open 2009"]
[Site "Thessaloniki GRE"]
[Date "2009.04.30"]
[Round "5.10"]
[White "Kounalakis, Evryklis"]
[Black "Georgiev, Krum"]
[Result "0-1"]
[WhiteElo "2090"]
[BlackElo "2440"]
[PlyCount "64"]
[EventDate "2009.04.27"]
[EventType "swiss"]
[EventRounds "9"]
[EventCountry "GRE"]
[Source "lmi"]
[SourceDate "2009.04.27"]

1. d4 g6 2. Nf3 Bg7 3. c3 d6 4. e4 Nf6 5. Qc2 O-O 6. Be2 Nbd7 7. Bg5 b6 8. O-O
Bb7 9. Nbd2 a6 10. a4 e5 11. dxe5 dxe5 12. a5 Qc8 13. Rfe1 Bc6 14. Bf1 Re8 15.
b4 Bb7 16. Qb1 h6 17. Bh4 Nh5 18. Rd1 Bf8 19. axb6 cxb6 20. Nc4 Re6 21. Rxd7
Qxd7 22. Ncxe5 Qe8 23. Nxf7 Kxf7 24. Bc4 Kg7 25. Bxe6 Qxe6 26. Nd4 Qg4 27. Bg3
Nxg3 28. hxg3 Qxe4 29. Qxe4 Bxe4 30. Ne6+ Kf7 31. Nc7 Rc8 32. Nxa6 Bd3 0-1

[Event "Thessaloniki Open 2009"]
[Site "Thessaloniki GRE"]
[Date "2009.04.30"]
[Round "5.11"]
[White "Sidiropoulos, Nikolaos"]
[Black "Danilov, Vladimir"]
[Result "0-1"]
[WhiteElo "2081"]
[BlackElo "2410"]
[PlyCount "80"]
[EventDate "2009.04.27"]
[EventType "swiss"]
[EventRounds "9"]
[EventCountry "GRE"]
[Source "lmi"]
[SourceDate "2009.04.27"]

1. e4 e5 2. Nf3 Nc6 3. Bb5 a6 4. Ba4 Nf6 5. O-O b5 6. Bb3 Be7 7. Re1 d6 8. c3
O-O 9. h3 Na5 10. Bc2 c5 11. d4 Nd7 12. a4 b4 13. dxc5 dxc5 14. b3 Qc7 15. cxb4
cxb4 16. Bb2 Rd8 17. Nbd2 f6 18. Rc1 Nc5 19. Qe2 Be6 20. Nh4 Bf8 21. f4 Qa7 22.
Kh1 Rxd2 23. Qxd2 Ncxb3 24. Qe2 Nxc1 25. Rxc1 Rc8 26. fxe5 b3 27. Bd3 Rxc1+ 28.
Bxc1 fxe5 29. Bxa6 Qc5 30. Bb2 Bc4 31. Bxc4+ Qxc4 32. Qe1 Bb4 33. Qa1 Qxe4 34.
Nf3 Nc4 35. Nxe5 Nxb2 36. Qxb2 Qe1+ 37. Kh2 Bd6 38. Qxb3+ Kh8 39. Qc2 Bxe5+ 40.
g3 Qxg3+ 0-1

[Event "Thessaloniki Open 2009"]
[Site "Thessaloniki GRE"]
[Date "2009.04.30"]
[Round "5.12"]
[White "Burtasova, Anna"]
[Black "Pavlidou, Ekaterini"]
[Result "1-0"]
[WhiteElo "2299"]
[BlackElo "2162"]
[PlyCount "87"]
[EventDate "2009.04.27"]
[EventType "swiss"]
[EventRounds "9"]
[EventCountry "GRE"]
[Source "lmi"]
[SourceDate "2009.04.27"]

1. e4 c5 2. Nf3 e6 3. c3 d5 4. e5 d4 5. Bd3 Nc6 6. O-O Nge7 7. Re1 Ng6 8. Na3
a6 9. Nc2 Be7 10. b4 dxc3 11. dxc3 c4 12. Bxg6 hxg6 13. Qxd8+ Bxd8 14. a4 b6
15. Ne3 Bc7 16. Nxc4 Ke7 17. Be3 Rb8 18. b5 Na7 19. a5 Nxb5 20. axb6 Bd8 21.
Na5 Rxb6 22. c4 Na7 23. Red1 Bd7 24. Bc5+ Ke8 25. Bxb6 Bxb6 26. Nb7 a5 27. c5
Bc7 28. Nxa5 Ke7 29. Nc4 Nb5 30. Nd6 f6 31. Nxb5 Bxb5 32. Ra7 Rc8 33. Nd4 Bc4
34. Rc1 Bd3 35. Rc3 Be4 36. Nb5 Kd8 37. Nxc7 Rxc7 38. Rxc7 Kxc7 39. f3 Bd5 40.
f4 Bb7 41. Kf2 Kc6 42. Rg3 g5 43. exf6 gxf6 44. fxg5 1-0

[Event "Thessaloniki Open 2009"]
[Site "Thessaloniki GRE"]
[Date "2009.05.01"]
[Round "6.1"]
[White "Obodchuk, Andrei"]
[Black "Poley, Vladimir"]
[Result "1/2-1/2"]
[WhiteElo "2393"]
[BlackElo "2338"]
[PlyCount "133"]
[EventDate "2009.04.27"]
[EventType "swiss"]
[EventRounds "9"]
[EventCountry "GRE"]
[Source "lmi"]
[SourceDate "2009.04.27"]

1. d4 g6 2. e4 Bg7 3. Nc3 c6 4. Nf3 d5 5. h3 Nh6 6. Bd3 f6 7. O-O O-O 8. exd5
cxd5 9. Ne2 Be6 10. Re1 Qd7 11. Nf4 Bf7 12. Qe2 Nc6 13. Ne6 Qxe6 14. Qxe6 Bxe6
15. Rxe6 Kf7 16. Re2 Nf5 17. c3 Rfe8 18. Bd2 Nd6 19. Rae1 e5 20. dxe5 fxe5 21.
Bc2 b5 22. Rd1 Nc4 23. Bc1 Rad8 24. Nd2 Nb6 25. Nf1 b4 26. Ne3 d4 27. Bb3+ Kf8
28. Nc2 dxc3 29. Rde1 Nd4 30. Re4 Nxb3 31. axb3 cxb2 32. Bxb2 Rd2 33. R1e2 Rxe2
34. Rxe2 a5 35. Kf1 Rc8 36. Ke1 Rc5 37. Kd1 Nd5 38. Rd2 Ke7 39. Ne3 Nxe3+ 40.
fxe3 Bh6 41. Rc2 Rxc2 42. Kxc2 Bg7 43. e4 Kd6 44. Bc1 Kc5 45. Be3+ Kb5 46. Bg5
Bf8 47. Kb1 Bc5 48. Ka2 Bf2 49. Be7 Be3 50. g4 Bd2 51. Kb1 a4 52. Kc2 a3 53.
Kb1 Kc6 54. Ka2 Kd7 55. Bh4 Ke6 56. Kb1 Kd6 57. Bg3 Be3 58. Ka2 Ke6 59. Bh4 h5
60. gxh5 g5 61. h6 Kf7 62. Be1 Bc5 63. Bd2 Be7 64. Kb1 Kg6 65. Ka2 Bf8 66. Kb1
Be7 67. Ka2 1/2-1/2

[Event "Thessaloniki Open 2009"]
[Site "Thessaloniki GRE"]
[Date "2009.05.01"]
[Round "6.2"]
[White "Esen, Baris"]
[Black "Sidorenko, Ilya"]
[Result "1/2-1/2"]
[WhiteElo "2472"]
[BlackElo "2357"]
[PlyCount "160"]
[EventDate "2009.04.27"]
[EventType "swiss"]
[EventRounds "9"]
[EventCountry "GRE"]
[Source "lmi"]
[SourceDate "2009.04.27"]

1. d4 Nf6 2. c4 g6 3. Nf3 Bg7 4. g3 O-O 5. Bg2 d5 6. cxd5 Nxd5 7. O-O Nb6 8.
Nc3 Nc6 9. e3 Re8 10. d5 Na5 11. Nd4 Bd7 12. e4 c6 13. Re1 Rc8 14. Bf4 cxd5 15.
exd5 Nbc4 16. b3 Qb6 17. Nce2 Ne5 18. Qd2 Qa6 19. Rad1 Rcd8 20. Nc3 Ng4 21. h3
e5 22. dxe6 Bxe6 23. Nd5 Bxd5 24. Rxe8+ Rxe8 25. Bxd5 Ne5 26. Qc2 Nac6 27. Nxc6
Nxc6 28. Bxc6 bxc6 29. Be3 Qb7 30. Rd6 Rc8 31. Qd3 h5 32. Bf4 a6 33. Rd7 Qb5
34. Qd2 Re8 35. Be3 Qf5 36. h4 Qf3 37. Rd3 Qf5 38. Qd1 Bf6 39. Rd2 Re4 40. Kg2
Re6 41. Qf3 Qa5 42. Rc2 Qb5 43. Rc4 Bg7 44. Bd4 Bxd4 45. Rxd4 Qe5 46. Rf4 Qc7
47. Qd3 c5 48. Qd5 Kg7 49. Qc4 Qe5 50. Rf3 Qd4 51. Rf4 Qe5 52. Rf3 Qd4 53. Rc3
Re5 54. Rc1 Qd6 55. Qf4 Qe6 56. Qf3 Kh7 57. Rc4 Rf5 58. Rf4 Rxf4 59. Qxf4 Qd5+
60. Qf3 Qe6 61. Qd3 Kg8 62. Kf1 Kf8 63. Qd8+ Kg7 64. Qa5 Qd6 65. Qc3+ Kf8 66.
Ke2 Ke7 67. Qd3 Ke6 68. Qc4+ Ke7 69. Ke3 Qe5+ 70. Kd3 Qf5+ 71. Qe4+ Qxe4+ 72.
Kxe4 Ke6 73. f3 f5+ 74. Kf4 Kf6 75. a3 a5 76. a4 g5+ 77. hxg5+ Kg6 78. g4 fxg4
79. fxg4 h4 80. Ke3 Kxg5 1/2-1/2

[Event "Thessaloniki Open 2009"]
[Site "Thessaloniki GRE"]
[Date "2009.05.01"]
[Round "6.3"]
[White "Bagaturov, Giorgi"]
[Black "Pavlidis, Antonios"]
[Result "1/2-1/2"]
[WhiteElo "2467"]
[BlackElo "2307"]
[PlyCount "99"]
[EventDate "2009.04.27"]
[EventType "swiss"]
[EventRounds "9"]
[EventCountry "GRE"]
[Source "lmi"]
[SourceDate "2009.04.27"]

1. d4 Nf6 2. Nf3 g6 3. g3 Bg7 4. Bg2 O-O 5. O-O d5 6. c4 Nc6 7. Nbd2 Re8 8. b3
a5 9. Bb2 a4 10. bxa4 dxc4 11. Nxc4 Be6 12. Rc1 Bd5 13. a3 Ne4 14. Nfe5 Nxe5
15. Nxe5 c6 16. Qc2 Nd6 17. e4 Be6 18. Nd3 Nc4 19. Nc5 Nxb2 20. Nxe6 fxe6 21.
Qxb2 Bxd4 22. Qxb7 c5 23. e5 Rb8 24. Qc6 Rb6 25. Qe4 Rf8 26. Qe2 Qc7 27. Qc4
Qxe5 28. a5 Rb2 29. Rc2 Rxc2 30. Qxc2 c4 31. Qxc4 Rxf2 32. Rxf2 Qe1+ 33. Qf1
Bxf2+ 34. Kh1 Qxf1+ 35. Bxf1 Kf7 36. Kg2 Bc5 37. Kf3 Ke8 38. Ke4 Kd7 39. Ke5
Kc7 40. a4 Bg1 41. h3 Bf2 42. g4 Bh4 43. Bd3 Kb7 44. Kxe6 Ka7 45. Kf7 g5 46.
Kxe7 Kb7 47. Kf6 Ka7 48. Kg7 Kb7 49. Kxh7 Ka7 50. Kg6 1/2-1/2

[Event "Thessaloniki Open 2009"]
[Site "Thessaloniki GRE"]
[Date "2009.05.01"]
[Round "6.4"]
[White "Sanduleac, Vasile"]
[Black "Georgiev, Vladimir"]
[Result "1/2-1/2"]
[WhiteElo "2438"]
[BlackElo "2539"]
[PlyCount "51"]
[EventDate "2009.04.27"]
[EventType "swiss"]
[EventRounds "9"]
[EventCountry "GRE"]
[Source "lmi"]
[SourceDate "2009.04.27"]

1. e4 c5 2. Nf3 e6 3. c3 d5 4. exd5 Qxd5 5. d4 Nf6 6. Na3 cxd4 7. Nb5 Na6 8.
Qxd4 Qxd4 9. Nfxd4 Be7 10. Bf4 O-O 11. Be2 Nd5 12. Bd6 Bxd6 13. Nxd6 Nc5 14.
O-O-O Rd8 15. Nxc8 Raxc8 16. Bf3 Nf4 17. Kb1 Kf8 18. Rhe1 a5 19. Kc2 b6 20. g3
Ng6 21. Nc6 Rxd1 22. Rxd1 e5 23. Na7 Rb8 24. Nc6 Rc8 25. Na7 Rb8 26. Nc6
1/2-1/2

[Event "Thessaloniki Open 2009"]
[Site "Thessaloniki GRE"]
[Date "2009.05.01"]
[Round "6.5"]
[White "Vragoteris, Antonios"]
[Black "Shavtvaladze, Nikoloz"]
[Result "1/2-1/2"]
[WhiteElo "2264"]
[BlackElo "2454"]
[PlyCount "72"]
[EventDate "2009.04.27"]
[EventType "swiss"]
[EventRounds "9"]
[EventCountry "GRE"]
[Source "lmi"]
[SourceDate "2009.04.27"]

1. d4 Nf6 2. c4 g6 3. Nc3 Bg7 4. e4 d6 5. Nge2 O-O 6. Ng3 e5 7. d5 a5 8. Be2
Na6 9. h4 c6 10. h5 cxd5 11. cxd5 Nc5 12. Be3 Qb6 13. Qd2 Bd7 14. Rb1 a4 15. f3
Rfc8 16. hxg6 fxg6 17. b4 axb3 18. axb3 Qb4 19. Nb5 Qxd2+ 20. Bxd2 Bxb5 21.
Bxb5 Ra2 22. Kd1 h5 23. Ne2 Ra3 24. Bb4 Ra2 25. Bd2 Ra3 26. Bb4 Raa8 27. Bd2
Kf7 28. Nc3 Ke7 29. Ke2 Ra3 30. Bc4 Nfd7 31. Nb5 Rca8 32. Rhc1 Nb6 33. Bg5+ Kd7
34. Be3 Ra2+ 35. Kf1 Nxc4 36. bxc4 Bf8 1/2-1/2

[Event "Thessaloniki Open 2009"]
[Site "Thessaloniki GRE"]
[Date "2009.05.01"]
[Round "6.6"]
[White "Georgiev, Krum"]
[Black "Fakhiridou, Ekaterini"]
[Result "1-0"]
[WhiteElo "2440"]
[BlackElo "2252"]
[PlyCount "47"]
[EventDate "2009.04.27"]
[EventType "swiss"]
[EventRounds "9"]
[EventCountry "GRE"]
[Source "lmi"]
[SourceDate "2009.04.27"]

1. e4 c5 2. Nf3 d6 3. d4 cxd4 4. Nxd4 Nf6 5. Nc3 a6 6. f4 b5 7. e5 b4 8. Qf3
Ra7 9. Ncb5 axb5 10. exf6 gxf6 11. Be3 b3 12. Bxb5+ Bd7 13. Nxb3 Rc7 14. Bxd7+
Nxd7 15. O-O e6 16. f5 Ne5 17. Qe2 Nc4 18. fxe6 fxe6 19. Nd4 Qe7 20. Qh5+ Kd8
21. Rxf6 Nxe3 22. Rxe6 Rxc2 23. Rxe7 Bxe7 24. Nxc2 1-0

[Event "Thessaloniki Open 2009"]
[Site "Thessaloniki GRE"]
[Date "2009.05.01"]
[Round "6.7"]
[White "Simanjuntak, Sebastian"]
[Black "Ivanov, Jordan"]
[Result "0-1"]
[WhiteElo "2260"]
[BlackElo "2435"]
[PlyCount "88"]
[EventDate "2009.04.27"]
[EventType "swiss"]
[EventRounds "9"]
[EventCountry "GRE"]
[Source "lmi"]
[SourceDate "2009.04.27"]

1. d4 Nf6 2. c4 g6 3. Nc3 Bg7 4. e4 O-O 5. Be3 d6 6. f3 a6 7. Qd2 Nc6 8. Nge2
Rb8 9. Nc1 e5 10. d5 Nd4 11. Nb3 c5 12. dxc6 bxc6 13. Nxd4 exd4 14. Bxd4 Re8
15. Be2 d5 16. cxd5 Rb4 17. Bxf6 Bxf6 18. O-O-O cxd5 19. Nxd5 Bxb2+ 20. Kc2 Rb8
21. Rb1 Be5 22. Rxb8 Bxb8 23. Bc4 Be6 24. Qc3 Bxd5 25. Bxd5 Be5 26. Qc6 Re7 27.
Qxa6 Rc7+ 28. Kd3 Rc8 29. Qb7 Rc3+ 30. Ke2 Qf6 31. Rd1 Kg7 32. Bb3 Qf4 33. Qd5
Qxh2 34. Kf1 Rc7 35. Qd2 h5 36. Qf2 h4 37. Ke2 Qf4 38. Qe3 Qf6 39. Qd2 Rc3 40.
Rc1 h3 41. Rxc3 Bxc3 42. Qc1 h2 43. f4 Qd4 44. Kf3 Bd2 0-1

[Event "Thessaloniki Open 2009"]
[Site "Thessaloniki GRE"]
[Date "2009.05.01"]
[Round "6.8"]
[White "Danilov, Vladimir"]
[Black "Karlovich, Anastazia"]
[Result "1-0"]
[WhiteElo "2410"]
[BlackElo "2251"]
[PlyCount "91"]
[EventDate "2009.04.27"]
[EventType "swiss"]
[EventRounds "9"]
[EventCountry "GRE"]
[Source "lmi"]
[SourceDate "2009.04.27"]

1. d4 Nf6 2. c4 c5 3. d5 b5 4. cxb5 a6 5. b6 d6 6. Nc3 g6 7. e4 Qxb6 8. a4 Bg7
9. a5 Qb4 10. Ra4 Qb7 11. Be2 Bd7 12. Ra3 O-O 13. h3 Bb5 14. Nf3 Nbd7 15. O-O
Ne8 16. Bg5 f6 17. Bf4 Nc7 18. Re1 f5 19. Ng5 fxe4 20. Bc1 Bd4 21. Ngxe4 Ne5
22. Bg4 Nd3 23. Nxb5 Nxf2 24. Nxd4 Nxd1 25. Ne6 Qxd5 26. Rxd1 Qxe4 27. Nxc7
Rab8 28. Nxa6 Rb7 29. Bf3 Qc2 30. Rc3 Qa4 31. Rf1 Ra7 32. Bh6 Qd4+ 33. Kh1 Rf5
34. Nb8 Rc7 35. a6 c4 36. Be3 Qe5 37. a7 Rxa7 38. Bxa7 Qb5 39. Nc6 Rxf3 40.
Rcxf3 Qxc6 41. Rf8+ Kg7 42. R1f7+ Kh6 43. Be3+ g5 44. Rg8 Qe4 45. Bxg5+ Kh5 46.
Rxh7+ 1-0

[Event "Thessaloniki Open 2009"]
[Site "Thessaloniki GRE"]
[Date "2009.05.01"]
[Round "6.9"]
[White "Nikologorsky, Matfei"]
[Black "Burtasova, Anna"]
[Result "1/2-1/2"]
[WhiteElo "2229"]
[BlackElo "2299"]
[PlyCount "146"]
[EventDate "2009.04.27"]
[EventType "swiss"]
[EventRounds "9"]
[EventCountry "GRE"]
[Source "lmi"]
[SourceDate "2009.04.27"]

1. e4 e5 2. Nf3 Nc6 3. Bc4 Be7 4. O-O Nf6 5. Re1 O-O 6. h3 Nxe4 7. Rxe4 d5 8.
Bxd5 Qxd5 9. Nc3 Qd6 10. d3 Bf5 11. Re1 Qg6 12. Nxe5 Nxe5 13. Rxe5 Bxh3 14. Qf3
Bf6 15. Re3 Bd7 16. Nd5 Bc6 17. Nxf6+ Qxf6 18. Qxf6 gxf6 19. Rg3+ Kh8 20. Bf4
Rfe8 21. Kf1 Re7 22. Re1 Rxe1+ 23. Kxe1 Bd7 24. Bxc7 Rc8 25. Ba5 Rxc2 26. Bc3
h5 27. Bxf6+ Kh7 28. Rg7+ Kh6 29. Rxf7 Bc6 30. Kd1 Rc5 31. Be7 Rb5 32. b4 Rd5
33. Rf3 a5 34. g3 axb4 35. Bxb4 Rd4 36. Bf8+ Kg6 37. Re3 h4 38. gxh4 Rxh4 39.
Bc5 Rh1+ 40. Kd2 Kf5 41. a3 Ra1 42. Kc3 Rc1+ 43. Kd4 Rc2 44. Re7 Kf6 45. Re1
Rxf2 46. Ra1 Rf4+ 47. Kc3 Ke6 48. d4 Bd5 49. Kb4 Rf3 50. Kb5 Bc6+ 51. Kb6 Rb3+
52. Kc7 Kd5 53. a4 Rh3 54. a5 Rh7+ 55. Kb6 Rh3 56. Rg1 Rb3+ 57. Kc7 Rb2 58. a6
Kc4 59. Ra1 Bd5 60. a7 b5 61. a8=Q Bxa8 62. Rxa8 Rh2 63. Rb8 Rh7+ 64. Kb6 Rh1
65. d5 Kxd5 66. Rd8+ Ke4 67. Kxb5 Rb1+ 68. Kc6 Rh1 69. Re8+ Kd3 70. Re3+ Kc4
71. Re4+ Kd3 72. Rg4 Rh6+ 73. Bd6 Rh5 1/2-1/2

[Event "Thessaloniki Open 2009"]
[Site "Thessaloniki GRE"]
[Date "2009.05.01"]
[Round "6.10"]
[White "Velchev, Hristo"]
[Black "Perdek, Miroslaw"]
[Result "1/2-1/2"]
[WhiteElo "2284"]
[BlackElo "2232"]
[PlyCount "56"]
[EventDate "2009.04.27"]
[EventType "swiss"]
[EventRounds "9"]
[EventCountry "GRE"]
[Source "lmi"]
[SourceDate "2009.04.27"]

1. e4 c5 2. c3 Nf6 3. e5 Nd5 4. d4 cxd4 5. Nf3 e6 6. cxd4 d6 7. a3 Bd7 8. Bd3
Bc6 9. O-O Nd7 10. b4 a6 11. Re1 Rc8 12. Bb2 dxe5 13. dxe5 Be7 14. Nbd2 Nf4 15.
Be4 O-O 16. Qb1 g6 17. Bxc6 Rxc6 18. Qe4 Nd5 19. Nb3 Re8 20. Na5 Rc7 21. Rad1
N7b6 22. Ba1 Qd7 23. h4 Rec8 24. h5 Nc4 25. hxg6 hxg6 26. Nxc4 Rxc4 27. Nd4 b5
28. Bb2 Kg7 1/2-1/2